[Event "Mitropa Cup (Women)"]
[Site "Apolda"]
[Date "2024.02.21"]
[Round "7.7"]
[White "Lhotska, Anna"]
[Black "Vujnovic, Patricija"]
[Result "0-1"]
[WhiteElo "2065"]
[BlackElo "2114"]
[PlyCount "74"]
[EventDate "2024.02.15"]
[EventType "team-tourn"]
[EventRounds "9"]
[EventCountry "GER"]
[SourceTitle "CB09_2024"]
[SourceDate "2024.02.28"]
[SourceVersion "1"]
[SourceVersionDate "2024.02.28"]
[SourceQuality "1"]
[WhiteTeam "Czech Republic (W)"]
[BlackTeam "Croatia (W)"]
[WhiteTeamCountry "CZE"]
[BlackTeamCountry "CRO"]

1. Nf3 d5 2. g3 Nc6 3. c4 d4 4. d3 e5 5. Bg2 Nf6 6. 0-0 Be7 7. e3 0-0 8. exd4 exd4 9. Na3 Bf5 10. Nc2 a5 11. b3 a4 12. Bb2 Bc5 13. Rb1 axb3 14. axb3 Ra2 15. b4 Bxb4 16. Ncxd4 Nxd4 17. Nxd4 Rxb2 18. Nxf5 Rd2 19. Qc1 Ba5 20. Rb5 c6 21. Rxb7 Qxd3 22. Ne7+ Kh8 23. Nxc6 Bc3 24. Rb3 Rc2 25. Qf4 Qe2 26. Bf3 Qe6 27. Rb8 Re8 28. Rxe8+ Qxe8 29. Rd1 Bd2 30. Qd6 Be1 31. Qc7 Bxf2+ 32. Kh1 Qe3 33. Ne5 h5 34. Nxf7+ Kh7 35. Ne5 Bxg3 36. hxg3 Qf2 37. Be4+ Nxe4 0-1

[Event "Skalica op-A"]
[Site "Skalica"]
[Date "2023.08.26"]
[Round "8"]
[White "Ocelak, Jakub"]
[Black "Lhotska, Anna"]
[Result "1-0"]
[WhiteElo "2272"]
[BlackElo "2113"]
[PlyCount "76"]
[EventDate "2023.08.19"]
[EventType "swiss"]
[EventRounds "9"]
[EventCountry "SVK"]
[SourceTitle "CBM 215 Extra"]
[Source "ChessBase"]
[SourceDate "2023.09.30"]
[SourceVersion "1"]
[SourceVersionDate "2023.09.30"]
[SourceQuality "1"]

1. e4 c5 2. Nc3 e6 3. Nf3 a6 4. g3 b5 5. Bg2 Bb7 6. d3 d5 7. exd5 exd5 8. 0-0 Be7 9. Re1 Nf6 10. Nh4 0-0 11. Nf5 Nc6 12. Bg5 Qd7 13. Nxe7+ Nxe7 14. Bxf6 gxf6 15. Qh5 Kg7 16. d4 c4 17. Bh3 Qd6 18. Nd1 Bc8 19. Bxc8 Raxc8 20. Ne3 Rce8 21. Re2 Qd7 22. Rae1 f5 23. Qg5+ Kh8 24. Qf6+ Kg8 25. Ng4 fxg4 26. Rxe7 Rxe7 27. Rxe7 Qd8 28. Qg5+ Kh8 29. Qf6+ Kg8 30. h3 gxh3 31. Kh2 a5 32. Kxh3 Qc8+ 33. g4 h5 34. Qg5+ Kh7 35. Qxh5+ Kg7 36. Qg5+ Kh7 37. Qf6 Rh8 38. Qxf7+ Kh6 1-0

[Event "Skalica op-A"]
[Site "Skalica"]
[Date "2023.08.24"]
[Round "6"]
[White "Bochnicka, Vladimir1111"]
[Black "Lhotska, Anna"]
[Result "1-0"]
[WhiteElo "2368"]
[BlackElo "2113"]
[PlyCount "49"]
[EventDate "2023.08.19"]
[EventType "swiss"]
[EventRounds "9"]
[EventCountry "SVK"]
[SourceTitle "CBM 215 Extra"]
[Source "ChessBase"]
[SourceDate "2023.09.30"]
[SourceVersion "1"]
[SourceVersionDate "2023.09.30"]
[SourceQuality "1"]

1. e4 c5 2. Nf3 d6 3. d4 cxd4 4. Nxd4 Nf6 5. Nc3 a6 6. Be3 e6 7. g4 b5 8. g5 Nfd7 9. a3 Bb7 10. f4 Nc5 11. Bg2 g6 12. Qg4 h5 13. Qh3 Nbd7 14. f5 e5 15. Nb3 Qe7 16. Na5 0-0-0 17. b4 Na4 18. Nxa4 bxa4 19. Ba7 Qxg5 20. Qc3+ Nc5 21. bxc5 Qxg2 22. 0-0-0 Rd7 23. cxd6+ Kd8 24. Bb6+ Ke8 25. Qxe5+ 1-0

[Event "Mitropa Cup (Women)"]
[Site "Mali Losinj"]
[Date "2023.04.19"]
[Round "9.1"]
[White "Lhotska, Anna"]
[Black "Bashylina, Luisa"]
[Result "0-1"]
[WhiteElo "2026"]
[BlackElo "2103"]
[PlyCount "140"]
[EventDate "2023.04.11"]
[EventType "team-tourn"]
[EventRounds "9"]
[EventCountry "CRO"]
[SourceTitle "CBM 213 Extra"]
[Source "ChessBase"]
[SourceDate "2023.05.31"]
[SourceVersion "1"]
[SourceVersionDate "2023.05.31"]
[SourceQuality "1"]
[WhiteTeam "Czech Republic (W)"]
[BlackTeam "Germany (W)"]
[WhiteTeamCountry "CZE"]
[BlackTeamCountry "GER"]

1. e4 c5 2. Nf3 d6 3. d4 cxd4 4. Nxd4 Nf6 5. Nc3 a6 6. Be3 e5 7. Nb3 Be7 8. f3 Be6 9. Qd2 0-0 10. 0-0-0 Nbd7 11. g4 b5 12. Rg1 Nb6 13. Na5 Rc8 14. g5 Nh5 15. Nd5 Nxd5 16. exd5 Bxd5 17. Qxd5 Qxa5 18. Kb1 Qc7 19. Bd3 g6 20. c4 b4 21. h4 Qc6 22. Qxc6 Rxc6 23. b3 f5 24. gxf6 Nxf6 25. Bg5 Kf7 26. Bxf6 Bxf6 27. Be4 Rb6 28. Rh1 h6 29. Rd5 Rc8 30. Rg1 g5 31. h5 Ke6 32. Rgd1 Be7 33. Rg1 Rf8 34. Rg4 Rfb8 35. Kc2 R6b7 36. Rg2 Ra7 37. Rgd2 Rf8 38. Rg2 Rb8 39. Rgd2 a5 40. Kd3 a4 41. bxa4 Rxa4 42. Rb5 Rxb5 43. cxb5 d5 44. Bg6 Bc5 45. Be8 Ra3+ 46. Ke2 Re3+ 47. Kf2 Rd3+ 48. Ke2 Rxd2+ 49. Kxd2 e4 50. fxe4 dxe4 51. Ke2 Ke5 52. Bg6 Kf4 53. Kf1 Kf3 54. Bf5 g4 55. Be6 g3 56. Bh3 Ke3 57. Bf5 Kf4 58. Be6 Kf3 59. Bh3 e3 60. Bg2+ Kg4 61. Ke2 Kxh5 62. Kf3 Kh4 63. Bf1 h5 64. Bg2 Kg5 65. Bf1 h4 66. Bh3 Kf6 67. Bf1 Ke5 68. Kg2 Kd4 69. Kh3 Kc3 70. Kxh4 g2 0-1

[Event "Mitropa Cup (Women)"]
[Site "Mali Losinj"]
[Date "2023.04.15"]
[Round "5.1"]
[White "Lhotska, Anna"]
[Black "Savina, Anastasia"]
[Result "1-0"]
[WhiteElo "2026"]
[BlackElo "2343"]
[PlyCount "111"]
[EventDate "2023.04.11"]
[EventType "team-tourn"]
[EventRounds "9"]
[EventCountry "CRO"]
[SourceTitle "CBM 213 Extra"]
[Source "ChessBase"]
[SourceDate "2023.05.31"]
[SourceVersion "1"]
[SourceVersionDate "2023.05.31"]
[SourceQuality "1"]
[WhiteTeam "Czech Republic (W)"]
[BlackTeam "France (W)"]
[WhiteTeamCountry "CZE"]
[BlackTeamCountry "FRA"]

1. e4 c5 2. Nf3 Nc6 3. d4 cxd4 4. Nxd4 e5 5. Nb5 d6 6. c4 g6 7. N1c3 a6 8. Na3 Bg7 9. Be2 Be6 10. Nc2 Rc8 11. 0-0 Nf6 12. Ne3 Nd4 13. Ned5 Nxd5 14. cxd5 Bd7 15. Be3 0-0 16. Bd3 f5 17. exf5 gxf5 18. f3 Kh8 19. Rc1 Qh4 20. Qe1 Qh5 21. Qf2 Rf6 22. Bxd4 exd4 23. Ne2 Rg8 24. f4 Rh6 25. g3 Bf6 26. Rc2 Be8 27. Rd2 Bf7 28. Bc4 b5 29. Bb3 d3 30. Nd4 Rxg3+ 31. Qxg3 Bxd4+ 32. Kh1 Bc5 33. Qxd3 Rg6 34. Rg2 Rxg2 35. Kxg2 Qg6+ 36. Qg3 Qf6 37. Qc3 Bd4 38. Qc8+ Kg7 39. Rf3 h6 40. Qxa6 Bc5 41. Qxb5 Qxb2+ 42. Kh3 Bh5 43. Qd7+ Kh8 44. Qd8+ Kg7 45. Qe7+ Kg8 46. Qe6+ Kg7 47. Qd7+ Kf6 48. Qe6+ Kg7 49. Rg3+ Bg4+ 50. Rxg4+ fxg4+ 51. Qxg4+ Kf6 52. Qe6+ Kg7 53. Qe7+ Kg6 54. f5+ Kxf5 55. Bc2+ Kf4 56. Qe4+ 1-0

[Event "Mitropa Cup (Women)"]
[Site "Mali Losinj"]
[Date "2023.04.14"]
[Round "4.1"]
[White "Unuk, Laura"]
[Black "Lhotska, Anna"]
[Result "1-0"]
[WhiteElo "2310"]
[BlackElo "2026"]
[PlyCount "59"]
[EventDate "2023.04.11"]
[EventType "team-tourn"]
[EventRounds "9"]
[EventCountry "CRO"]
[SourceTitle "CBM 213 Extra"]
[Source "ChessBase"]
[SourceDate "2023.05.31"]
[SourceVersion "1"]
[SourceVersionDate "2023.05.31"]
[SourceQuality "1"]
[WhiteTeam "Slovenia (W)"]
[BlackTeam "Czech Republic (W)"]
[WhiteTeamCountry "SLO"]
[BlackTeamCountry "CZE"]

1. d4 Nf6 2. Nc3 d5 3. Bf4 c5 4. e3 e6 5. Nb5 Na6 6. c3 Be7 7. h4 Ne4 8. Nf3 0-0 9. a4 Bd7 10. Bd3 Qb6 11. Ne5 Bc6 12. f3 Nf6 13. Qb1 cxd4 14. exd4 Kh8 15. h5 Bxb5 16. axb5 Nb4 17. Be2 a6 18. Qd1 axb5 19. Rxa8 Rxa8 20. cxb4 Bxb4+ 21. Kf2 Ra2 22. Be3 Kg8 23. Qb3 Ra4 24. Rc1 Kf8 25. h6 gxh6 26. Bxh6+ Ke7 27. Be3 Ne8 28. Qd3 Nd6 29. Qxh7 Bd2 30. Qh4+ 1-0

[Event "CZE-chT1W 2223"]
[Site "Czech Republic"]
[Date "2023.03.19"]
[Round "10.4"]
[White "Hrabusa, Matej"]
[Black "Lhotska, Anna"]
[Result "1-0"]
[WhiteElo "2334"]
[BlackElo "2296"]
[PlyCount "81"]
[EventDate "2022.10.09"]
[EventType "team-tourn"]
[EventRounds "11"]
[EventCountry "CZE"]
[SourceTitle "EXT 2024"]
[Source "ChessBase"]
[SourceDate "2023.10.10"]
[SourceVersion "1"]
[SourceVersionDate "2023.10.10"]
[SourceQuality "1"]
[WhiteTeam "Praha DP EA Hotels II"]
[BlackTeam "Praha Oaza II"]
[WhiteTeamCountry "CZE"]
[BlackTeamCountry "CZE"]

1. d4 Nf6 2. c4 g6 3. h4 Bg7 4. Nc3 d6 5. e4 Nbd7 6. Be2 e5 7. d5 Nc5 8. Qc2 a5 9. h5 0-0 10. h6 Bh8 11. Bg5 Qe8 12. Nb5 Na6 13. f3 Nd7 14. g4 Ndc5 15. Qd2 b6 16. 0-0-0 Bd7 17. Kb1 Qb8 18. Qe1 Nb4 19. Qh4 f6 20. Be3 Nb7 21. Bf1 a4 22. Bd2 Na6 23. Bh3 Nac5 24. Ne2 Na5 25. Bxa5 Rxa5 26. Nec3 Qc8 27. Qf2 Ra6 28. Kc2 Nb7 29. Ra1 c6 30. dxc6 Qxc6 31. Na3 Rc8 32. Rad1 Be6 33. Kb1 Na5 34. Nd5 Kf7 35. Nb4 Qb7 36. Nxa6 Qxa6 37. Bf1 Nxc4 38. Nxc4 Bxc4 39. Bxc4+ Qxc4 40. Qd2 f5 41. Rc1 1-0

[Event "CZE-chT1W 2223"]
[Site "Czech Republic"]
[Date "2023.02.12"]
[Round "8.3"]
[White "Lhotska, Anna"]
[Black "Hlavina, Matous"]
[Result "0-1"]
[WhiteElo "2296"]
[BlackElo "2105"]
[PlyCount "76"]
[EventDate "2022.10.09"]
[EventType "team-tourn"]
[EventRounds "11"]
[EventCountry "CZE"]
[SourceTitle "CBM 213 Extra"]
[Source "ChessBase"]
[SourceDate "2023.05.31"]
[SourceVersion "1"]
[SourceVersionDate "2023.05.31"]
[SourceQuality "1"]
[WhiteTeam "Praha Oaza II"]
[BlackTeam "Ricany Betsys II"]
[WhiteTeamCountry "CZE"]
[BlackTeamCountry "CZE"]

1. e4 c5 2. Nf3 d6 3. d4 cxd4 4. Nxd4 Nf6 5. Nc3 a6 6. Be3 e5 7. Nb3 Be7 8. f3 Be6 9. Qd2 h5 10. 0-0-0 Nbd7 11. h3 b5 12. Bd3 h4 13. Rhe1 Rc8 14. f4 Qc7 15. Kb1 0-0 16. f5 Bc4 17. Bg5 b4 18. Ne2 a5 19. Nbc1 Nc5 20. Bxf6 Bxf6 21. g4 Bxd3 22. cxd3 Qd8 23. Qe3 Bg5 24. Qf3 Qc7 25. d4 Na4 26. Qb3 Nb6 27. Ng1 Nc4 28. Nf3 a4 29. Qd3 Bf4 30. Re2 Nxb2 31. Kxb2 Bxc1+ 32. Kb1 b3 33. Ne1 Ba3 34. axb3 axb3 35. Qe3 exd4 36. Qf4 d3 37. Rf2 Qc2+ 38. Nxc2 dxc2+ 0-1

[Event "CZE-chT1W 2223"]
[Site "Czech Republic"]
[Date "2023.01.15"]
[Round "6.2"]
[White "Lhotska, Anna"]
[Black "Simek, Petr1111"]
[Result "0-1"]
[WhiteElo "2296"]
[BlackElo "2323"]
[PlyCount "78"]
[EventDate "2022.10.09"]
[EventType "team-tourn"]
[EventRounds "11"]
[EventCountry "CZE"]
[SourceTitle "CBM 213 Extra"]
[Source "ChessBase"]
[SourceDate "2023.05.31"]
[SourceVersion "1"]
[SourceVersionDate "2023.05.31"]
[SourceQuality "1"]
[WhiteTeam "Praha Oaza II"]
[BlackTeam "Unichess Sousek"]
[WhiteTeamCountry "CZE"]
[BlackTeamCountry "CZE"]

1. e4 c5 2. Nf3 d6 3. d4 cxd4 4. Nxd4 Nf6 5. Nc3 Nc6 6. Bc4 Bd7 7. 0-0 e6 8. Kh1 Be7 9. Bb3 0-0 10. f4 Na5 11. Be3 a6 12. e5 Ne8 13. Qh5 Nxb3 14. axb3 g6 15. Qf3 Qc7 16. Rad1 Ng7 17. exd6 Bxd6 18. Ne4 Be7 19. Rd3 Nf5 20. Rc3 Qa5 21. Nxf5 exf5 22. Ng5 h6 23. Qxb7 Qb5 24. Qf3 hxg5 25. fxg5 Rac8 26. Bd4 Rxc3 27. bxc3 Bxg5 28. c4 Qc6 29. Qg3 Bf6 30. Be3 Re8 31. Bh6 Bg7 32. Bf4 Re2 33. h4 Qe6 34. h5 Bc6 35. Rd1 Rxg2 36. Rd8+ Bf8 37. Qxg2 Bxg2+ 38. Kxg2 Qe2+ 39. Kg3 Qg4+ 0-1

[Event "Wch Blitz (Women)"]
[Site "Almaty"]
[Date "2022.12.30"]
[Round "14"]
[White "Kairbekova, Amina"]
[Black "Lhotska, Anna"]
[Result "0-1"]
[WhiteElo "2064"]
[BlackElo "2196"]
[PlyCount "154"]
[EventDate "2022.12.29"]
[EventType "swiss (blitz)"]
[EventRounds "17"]
[EventCountry "KAZ"]
[SourceTitle "CBM 211 Extra"]
[Source "ChessBase"]
[SourceDate "2023.01.31"]
[SourceVersion "1"]
[SourceVersionDate "2023.01.31"]
[SourceQuality "1"]

1. e4 c5 2. Nf3 d6 3. d4 cxd4 4. Nxd4 Nf6 5. Nc3 a6 6. f3 e6 7. Be3 b5 8. a3 Bb7 9. g4 Nfd7 10. Qd2 Nb6 11. 0-0-0 N8d7 12. g5 Rc8 13. Bg1 Ne5 14. f4 Nec4 15. Bxc4 Nxc4 16. Qd3 Qa5 17. Nb3 Qc7 18. h4 Nxa3 19. Rh3 Nc4 20. f5 b4 21. Na4 Ne5 22. Qe2 Bc6 23. Nb6 Bb5 24. Qf2 Rb8 25. Kb1 Be7 26. fxe6 fxe6 27. Nd4 Qxb6 28. Nxe6 Qxf2 29. Bxf2 Bd7 30. Nxg7+ Kf7 31. Nf5 h6 32. g6+ Kf6 33. h5 Bxf5 34. Bh4+ Ke6 35. exf5+ Kd7 36. f6 Bf8 37. g7 Rg8 38. gxf8Q Rbxf8 39. Re3 Re8 40. Re4 Ke6 41. Red4 Rd8 42. f7 Nxf7 43. Bxd8 Rxd8 44. Re1+ Ne5 45. Ka2 a5 46. Kb3 Ra8 47. Ka4 Rc8 48. Re2 Rc5 49. Rg4 Kf6 50. Rd4 Nc4 51. Rf2+ Ke5 52. Rd1 Nxb2+ 53. Kb3 Nxd1 54. Rf7 Nc3 55. Rh7 Kf4 56. Rxh6 Kg4 57. Rxd6 Rxh5 58. Rd4+ Kf3 59. Rd3+ Ke4 60. Rd8 Rd5 61. Re8+ Kd4 62. Ra8 Ke3 63. Rh8 Kd2 64. Rh2+ Ne2 65. Rg2 Rc5 66. Rg8 Nd4+ 67. Ka4 Nxc2 68. Rd8+ Kc3 69. Rh8 Kb2 70. Rh2 b3 71. Rg2 Rc3 72. Kxa5 Kb1 73. Rg1+ Ka2 74. Ka4 b2 75. Rg4 b1Q 76. Rg2 Qb3+ 77. Ka5 Rc5+ 0-1

[Event "Wch Blitz (Women)"]
[Site "Almaty"]
[Date "2022.12.30"]
[Round "17"]
[White "Lhotska, Anna"]
[Black "Mammadova, Gulnar Marfat Qizi"]
[Result "1/2-1/2"]
[WhiteElo "2196"]
[BlackElo "2289"]
[PlyCount "178"]
[EventDate "2022.12.29"]
[EventType "swiss (blitz)"]
[EventRounds "17"]
[EventCountry "KAZ"]
[SourceTitle "CBM 211 Extra"]
[Source "ChessBase"]
[SourceDate "2023.01.31"]
[SourceVersion "1"]
[SourceVersionDate "2023.01.31"]
[SourceQuality "1"]

1. e4 e6 2. d4 d5 3. Nc3 Bb4 4. Nge2 Nf6 5. e5 Nfd7 6. a3 Be7 7. f4 c5 8. Be3 Nc6 9. dxc5 a5 10. Nd4 Nxc5 11. Be2 Nxd4 12. Bxd4 b6 13. 0-0 g6 14. Qd2 h5 15. Qe3 a4 16. Nb5 Ne4 17. Bxb6 Qd7 18. Nc7+ Qxc7 19. Bxc7 Bc5 20. Bb5+ Bd7 21. Bxd7+ Kxd7 22. Bb6 Bxe3+ 23. Bxe3 Rab8 24. Rab1 Rhc8 25. Rfc1 Rc6 26. Kf1 Rbc8 27. c3 Rb8 28. Ke2 Rb3 29. Bd4 Rc8 30. Rc2 Rcb8 31. Kd3 Rxa3 32. Rbc1 Rab3 33. Ra1 Ra8 34. g3 Rbb8 35. c4 Rb3+ 36. Ke2 Ra5 37. cxd5 Rxd5 38. Rxa4 Rb7 39. Be3 f5 40. exf6 Nxf6 41. b4 Ng4 42. Bg1 Ke7 43. Rb2 Kf6 44. Ra6 Rdb5 45. Ra4 e5 46. fxe5+ Rxe5+ 47. Kd3 Rd7+ 48. Bd4 Kg5 49. Kc3 Red5 50. Ra5 Kf5 51. Rxd5+ Rxd5 52. b5 Rd7 53. b6 Rb7 54. Ra2 Ke4 55. Ra7 Rb8 56. b7 Kd5 57. h3 Nh6 58. Be3 Nf5 59. Bf4 Nd6 60. Ra6 Nb5+ 61. Kd3 Rxb7 62. Rxg6 Ra7 63. Rg5+ Kc6 64. Rxh5 Ra3+ 65. Ke4 Ra4+ 66. Kf5 Nd4+ 67. Kg4 Kd7 68. Rd5+ Ke6 69. Re5+ Kf6 70. h4 Ne6 71. Rf5+ Kg7 72. h5 Rb4 73. h6+ Kg6 74. Re5 Nxf4 75. gxf4 Kxh6 76. Re6+ Kg7 77. Kg5 Kf7 78. Ra6 Rb7 79. f5 Kg7 80. Rg6+ Kf7 81. Rh6 Rb1 82. Rh7+ Kg8 83. Rc7 Rb6 84. Ra7 Rc6 85. f6 Rc1 86. Ra4 Kf7 87. Rf4 Rc5+ 88. Rf5 Rc1 89. Kf4 Rf1+ 1/2-1/2

[Event "Wch Blitz (Women)"]
[Site "Almaty"]
[Date "2022.12.29"]
[Round "6"]
[White "Lhotska, Anna"]
[Black "Batsiashvili, Nino"]
[Result "0-1"]
[WhiteElo "2196"]
[BlackElo "2365"]
[PlyCount "62"]
[EventDate "2022.12.29"]
[EventType "swiss (blitz)"]
[EventRounds "17"]
[EventCountry "KAZ"]
[SourceTitle "CBM 211 Extra"]
[Source "ChessBase"]
[SourceDate "2023.01.31"]
[SourceVersion "1"]
[SourceVersionDate "2023.01.31"]
[SourceQuality "1"]

1. e4 e5 2. Nf3 Nc6 3. Bb5 Nge7 4. c3 d5 5. Nxe5 dxe4 6. 0-0 Qd5 7. Nxc6 Qxb5 8. Nd4 Qd5 9. Re1 Bd7 10. Qb3 f5 11. Qxd5 Nxd5 12. d3 0-0-0 13. dxe4 fxe4 14. Rxe4 c5 15. Nf3 Bc6 16. Re1 Bd6 17. Bg5 Rde8 18. Nbd2 h6 19. Bh4 Nf4 20. Bg3 g5 21. Nc4 Bc7 22. Nfe5 Nxg2 23. f3 Nxe1 24. Rxe1 Bd5 25. Rd1 Bxc4 26. Nxc4 Bxg3 27. hxg3 Kc7 28. Kf2 h5 29. Rh1 h4 30. Kg2 b5 31. Na3 Re2+ 0-1

[Event "Wch Blitz (Women)"]
[Site "Almaty"]
[Date "2022.12.29"]
[Round "8"]
[White "Lhotska, Anna"]
[Black "Injac, Teodora"]
[Result "0-1"]
[WhiteElo "2196"]
[BlackElo "2316"]
[PlyCount "132"]
[EventDate "2022.12.29"]
[EventType "swiss (blitz)"]
[EventRounds "17"]
[EventCountry "KAZ"]
[SourceTitle "CBM 211 Extra"]
[Source "ChessBase"]
[SourceDate "2023.01.31"]
[SourceVersion "1"]
[SourceVersionDate "2023.01.31"]
[SourceQuality "1"]

1. e4 e5 2. Nf3 Nc6 3. Bb5 a6 4. Ba4 Nf6 5. 0-0 Be7 6. Re1 b5 7. Bb3 d6 8. c3 0-0 9. h3 Nb8 10. d4 Nbd7 11. a4 Bb7 12. Nbd2 c5 13. d5 c4 14. Bc2 Nc5 15. a5 Bc8 16. b4 cxb3 17. Nxb3 Nxb3 18. Bxb3 Nd7 19. Be3 Qc7 20. Qd2 Nc5 21. Bxc5 Qxc5 22. Rec1 Bd7 23. c4 b4 24. Ba4 Rfd8 25. Bxd7 Rxd7 26. Qd3 Bd8 27. Nd2 Rc8 28. Nb3 Qa7 29. Rc2 g6 30. Ra4 Rb7 31. Qd2 Qb8 32. Ra1 Be7 33. Rac1 Rbc7 34. Qd3 Bg5 35. Rb1 Qa7 36. g3 Kg7 37. Rd1 Rf8 38. h4 Bh6 39. Kg2 f5 40. c5 dxc5 41. d6 fxe4 42. Qxe4 Rcf7 43. Nxc5 Kg8 44. Ne6 Rxf2+ 45. Rxf2 Qxf2+ 46. Kh3 Re8 47. Nc7 Rd8 48. Qd5+ Kh8 49. d7 Qf5+ 50. Kh2 Qc2+ 51. Kh3 Qxc7 52. Qe6 Bf8 53. Qf6+ Bg7 54. Qe6 h6 55. Qe8+ Kh7 56. Qe6 b3 57. Rd6 Qc2 58. Qe7 Qf5+ 59. Kh2 b2 60. Rb6 Qf2+ 61. Kh3 Qf5+ 62. Kh2 Rxd7 63. Qb4 Qc2+ 64. Kh3 Qf5+ 65. Kh2 Rc7 66. Qxb2 Rc2+ 0-1

[Event "Wch Blitz (Women)"]
[Site "Almaty"]
[Date "2022.12.29"]
[Round "9"]
[White "Lhotska, Anna"]
[Black "Koneru, Humpy"]
[Result "0-1"]
[WhiteElo "2196"]
[BlackElo "2474"]
[PlyCount "46"]
[EventDate "2022.12.29"]
[EventType "swiss (blitz)"]
[EventRounds "17"]
[EventCountry "KAZ"]
[SourceTitle "CBM 211 Extra"]
[Source "ChessBase"]
[SourceDate "2023.01.31"]
[SourceVersion "1"]
[SourceVersionDate "2023.01.31"]
[SourceQuality "1"]

1. e4 g6 2. d4 Bg7 3. Nc3 c6 4. Be3 d6 5. Qd2 b5 6. h4 h6 7. Bd3 a6 8. a3 Nd7 9. Nf3 Qc7 10. h5 g5 11. 0-0-0 Bb7 12. e5 dxe5 13. Nxe5 Nxe5 14. dxe5 Bxe5 15. Ne4 0-0-0 16. Nc5 Nf6 17. Qe2 Nd5 18. a4 Nxe3 19. fxe3 Bxb2+ 20. Kb1 Ba3 21. Nxb7 Kxb7 22. axb5 axb5 23. Be4 Qe5 0-1

[Event "Wch Blitz (Women)"]
[Site "Almaty"]
[Date "2022.12.29"]
[Round "1"]
[White "Stefanova, Antoaneta"]
[Black "Lhotska, Anna"]
[Result "1-0"]
[WhiteElo "2427"]
[BlackElo "2196"]
[PlyCount "69"]
[EventDate "2022.12.29"]
[EventType "swiss (blitz)"]
[EventRounds "17"]
[EventCountry "KAZ"]
[SourceTitle "CBM 211 Extra"]
[Source "ChessBase"]
[SourceDate "2023.01.31"]
[SourceVersion "1"]
[SourceVersionDate "2023.01.31"]
[SourceQuality "1"]

1. d4 Nf6 2. Nf3 e6 3. e3 d5 4. Bd3 c5 5. b3 Nc6 6. 0-0 Bd6 7. dxc5 Bxc5 8. Bb2 0-0 9. a3 b6 10. c4 dxc4 11. bxc4 Bb7 12. Qe2 Rc8 13. Nc3 Qe7 14. Na4 Bd6 15. e4 e5 16. g3 Rfd8 17. Rfd1 Bb8 18. Nc3 Nd4 19. Nxd4 exd4 20. Nd5 Nxd5 21. cxd5 Re8 22. Qg4 Rf8 23. Bxd4 f5 24. exf5 Qf7 25. Be4 Rcd8 26. Bb2 Rfe8 27. Bg2 Bd6 28. Rd2 Bc5 29. Rad1 Rd6 30. h4 Red8 31. Be5 R6d7 32. d6 Bxg2 33. Kxg2 Bxa3 34. h5 Bb4 35. Qxb4 1-0

[Event "Wch Rapid (Women)"]
[Site "Almaty"]
[Date "2022.12.28"]
[Round "11"]
[White "Lhotska, Anna"]
[Black "Petrova, Irina"]
[Result "1-0"]
[WhiteElo "2196"]
[BlackElo "2125"]
[PlyCount "49"]
[EventDate "2022.12.26"]
[EventType "swiss (rapid)"]
[EventRounds "11"]
[EventCountry "KAZ"]
[SourceTitle "CBM 211 Extra"]
[Source "ChessBase"]
[SourceDate "2023.01.31"]
[SourceVersion "1"]
[SourceVersionDate "2023.01.31"]
[SourceQuality "1"]

1. e4 d6 2. d4 Nf6 3. Nc3 e5 4. Nf3 Nbd7 5. Rg1 g6 6. g4 Bg7 7. g5 Nh5 8. Be3 0-0 9. Qd2 c6 10. a3 Qa5 11. 0-0-0 b5 12. d5 Nc5 13. dxc6 b4 14. Nd5 Nxe4 15. Qxb4 Qxb4 16. axb4 Be6 17. b5 f5 18. Nc7 Bf7 19. Nxa8 Rxa8 20. c4 f4 21. Bxa7 Rxa7 22. b6 Ra1+ 23. Kc2 Ra6 24. b7 Rb6 25. c7 1-0

[Event "Wch Rapid (Women)"]
[Site "Almaty"]
[Date "2022.12.27"]
[Round "8"]
[White "Balabayeva, Kseniya"]
[Black "Lhotska, Anna"]
[Result "1/2-1/2"]
[WhiteElo "2067"]
[BlackElo "2196"]
[PlyCount "168"]
[EventDate "2022.12.26"]
[EventType "swiss (rapid)"]
[EventRounds "11"]
[EventCountry "KAZ"]
[SourceTitle "CBM 211 Extra"]
[Source "ChessBase"]
[SourceDate "2023.01.31"]
[SourceVersion "1"]
[SourceVersionDate "2023.01.31"]
[SourceQuality "1"]

1. e4 c5 2. Nf3 d6 3. Bb5+ Nd7 4. 0-0 a6 5. Bxd7+ Bxd7 6. d4 cxd4 7. Qxd4 Rc8 8. Nc3 e5 9. Qd3 Be6 10. b3 Qc7 11. Bb2 Nf6 12. Ng5 Bd7 13. Rac1 Be7 14. Ne2 0-0 15. Rfd1 h6 16. Nf3 Bc6 17. Ng3 g6 18. c4 Rfd8 19. Qe3 Kh7 20. h3 b6 21. Re1 Qb7 22. Rcd1 Bd7 23. Bc1 Bf8 24. Nh2 Be6 25. Qf3 Qe7 26. Nhf1 b5 27. cxb5 axb5 28. Ne3 Ra8 29. Re2 Bg7 30. Red2 Ra6 31. Rc2 Qa7 32. Qe2 Qb7 33. Rcd2 Nxe4 34. Nxe4 Qxe4 35. Qxb5 Rda8 36. Qe2 Qc6 37. Nc4 Bxc4 38. bxc4 Qc5 39. Rc2 Rc8 40. Rd5 Qa7 41. Qd2 Rcc6 42. a3 Qc7 43. Qd3 Ra4 44. Be3 Rcxc4 45. Rxc4 Qxc4 46. Rxd6 Qxd3 47. Rxd3 Bf8 48. Bc1 Kg7 49. Bb2 Kf6 50. Kf1 Ke6 51. Ke2 f5 52. Kd2 Bc5 53. f3 e4 54. fxe4 fxe4 55. Rg3 Kf5 56. Ke2 Rc4 57. Rc3 Rxc3 58. Bxc3 Bxa3 59. Bd2 h5 60. Be3 Bd6 61. Bd2 Bf4 62. Be1 g5 63. Bf2 Ke5 64. Ba7 Kf5 65. Bb6 g4 66. Bc5 Bc1 67. Bb6 Ke5 68. Bc7+ Kd5 69. Bb8 Bg5 70. Bc7 Ke6 71. Bb8 Kf5 72. Bc7 Bf4 73. Bb6 Ke5 74. Bc7+ Kf5 75. Bb6 Bg5 76. Bc7 e3 77. Bb6 Ke4 78. Bc7 Bf6 79. Bb6 Bd4 80. Bc7 Kf5 81. Bd8 Ke4 82. Bg5 Bc5 83. Bh6 Bb6 84. Bg5 Bc5 1/2-1/2

[Event "EU-ch U18 Girls 30th"]
[Site "Antalya"]
[Date "2022.11.10"]
[Round "5"]
[White "Lhotska, Anna"]
[Black "Ismayil, Malak"]
[Result "0-1"]
[WhiteElo "2287"]
[BlackElo "1941"]
[PlyCount "122"]
[EventDate "2022.11.06"]
[EventType "swiss"]
[EventRounds "9"]
[EventCountry "TUR"]
[SourceTitle "CBM 211 Extra"]
[Source "ChessBase"]
[SourceDate "2023.01.31"]
[SourceVersion "1"]
[SourceVersionDate "2023.01.31"]
[SourceQuality "1"]

1. e4 e5 2. Nf3 Nc6 3. Bb5 a6 4. Ba4 Nf6 5. 0-0 d6 6. c3 g6 7. d4 Bd7 8. Bxc6 Bxc6 9. dxe5 Nxe4 10. Re1 d5 11. Nd4 Qh4 12. f3 Nc5 13. Be3 Bd7 14. Nd2 Nd3 15. Re2 c5 16. N4b3 c4 17. Nf1 cxb3 18. g3 Qc4 19. axb3 Qb5 20. b4 Be6 21. Ra5 Qc4 22. Bd4 Bxb4 23. b3 Qc7 24. cxb4 Nxb4 25. Rc5 Qd7 26. Rc3 Rc8 27. Bc5 Qb5 28. Bxb4 Qxb4 29. Rxc8+ Bxc8 30. Ne3 Be6 31. Nxd5 Qc5+ 32. Ne3 Qxe5 33. Nd5 Qd6 34. Qd4 Rf8 35. Kg2 h5 36. Nf6+ Ke7 37. Nd5+ Kd7 38. Nb6+ Ke7 39. Qh4+ f6 40. Nc4 Qd3 41. Kf2 Kf7 42. Qf4 Bxc4 43. bxc4 Qd7 44. Rd2 Qe7 45. Qh6 Rg8 46. Rd5 Qe6 47. Rd4 f5 48. Kg2 Qe2+ 49. Kh3 Qf1+ 50. Kh4 g5+ 51. Qxg5 Rxg5 52. Kxg5 Qxf3 53. Rf4 Qg4+ 54. Rxg4 fxg4 55. Kf5 Ke7 56. Ke5 Kd7 57. Kd5 b6 58. c5 bxc5 59. Kxc5 Kc7 60. Kc4 Kc6 61. Kb4 Kd5 0-1